00231nam a2200085Ia 4500008004100000041000800041100002200049245004300071260003100114241105s9999 xx 000 0 und d aeng aShanmugam Abirami aClimate Change Resilient City, Chennai bBNCA M Arch EA, Punec2017